Japanese Americans ; the evolution of a subculture /

Bibliographic Details
Main Author: Kitano, Harry H. L.
Format: Book
Language:English
Published: Englewood Cliffs, N.J. : Prentice-Hall, [1969]
Series:Ethnic groups in American life series.
Subjects:

MARC

Tag First Indicator Second Indicator Subfields
LEADER 00000cam a2200000 4500
001 in00000242586
005 20151010050958.0
008 690516s1969 nju b 00110 eng
010 |a  69011246  
035 |a (OCoLC)00004065 
035 |9 ABB3434AM 
040 |a DLC  |c DLC  |d TXA  |d UtOrBLW 
049 |a TXAM  |c [850162] 
050 0 0 |a E184.J3  |b K5 
082 0 |a 301.453/52/073 
100 1 |a Kitano, Harry H. L. 
245 1 0 |a Japanese Americans ;  |b the evolution of a subculture /  |c [by] Harry H. L. Kitano. 
264 1 |a Englewood Cliffs, N.J. :  |b Prentice-Hall,  |c [1969] 
300 |a xv, 186 pages ;  |c 23 cm. 
336 |a text  |b txt  |2 rdacontent 
337 |a unmediated  |b n  |2 rdamedia 
338 |a volume  |b nc  |2 rdacarrier 
490 1 |a Ethnic groups in American life series 
504 |a Bibliography: pages 149-153. 
650 0 |a Japanese Americans. 
830 0 |a Ethnic groups in American life series. 
999 |a MARS 
999 f f |s 80c63b42-78c9-30d6-84cb-74e3478d35e4  |i 25086fcf-3f25-32d8-8fd3-91bba51a32c9  |t 0 
952 f f |p normal  |a Texas A&M University  |b College Station  |c Sterling C. Evans Library  |d Evans: Library Stacks  |t 0  |e E184.J3 K5  |h Library of Congress classification  |i unmediated -- volume  |m A14802180049 
998 f f |a E184.J3 K5  |t 0  |l Evans: Library Stacks